000
00256nam a2200109Ia 4500
008
190216s9999||||xx |||||||||||||| ||und||
100
_a
Gupta R L
245
0
_a
Advanced Accountancy
260
_b
Shree Mahavir Book Depot
_c
1970
300
_a
557p
942
_c
BK
999
_c
4404
_d
4404